Land in the Answers - Statistics

General Stats
  • This quiz has been taken 73,007 times
    48,331 since last reset
  • The average score is 14 of 22
Answer Stats
Clue Answer % Correct
Bangkok is its capital Thailand
97%
Located to England's north Scotland
90%
World's largest island Greenland
89%
Home of Peter Pan Neverland
85%
Someone who has tenants Landlord
84%
Bolivia and Paraguay are the only American countries that are ... Landlocked
81%
Area between the trenches in WWI No Man's Land
81%
Largest city in New Zealand Auckland
75%
"Blocky" theme park - the first one is in Denmark Legoland
75%
Australian state Queensland
75%
Former name of Eswatini Swaziland
75%
Destination of the Crusaders Holy Land
72%
Place where you can visit Sleeping Beauty's castle Disneyland
68%
Garbage dump Landfill
60%
Some say that Santa lives in this northern area of Finland and Sweden Lapland
58%
Weapon that kills long after the war has ended Land mine
50%
City connected to San Francisco via bridge Oakland
46%
Pirate's term of derision for a person who is not adept at sailing Landlubber
45%
Ice Age connection between Old World and New Land Bridge
40%
According to John Mayer, your body is a .... Wonderland
36%
Geographical feature of the Dakotas Badlands
33%
Short-lived Norse settlement in Canada Vinland
27%
No matching quizzes found
Score Distribution
Percent of People with Each Score
Percentile by Number Answered
Your Score History
You have not taken this quiz since the last reset